LEADER 02172nam 2200385 450 001 996540313203316 005 20230711195614.0 024 7 $a10.5771/9783987400025 035 $a(CKB)5850000000327392 035 $a(NjHacI)995850000000327392 035 $a(EXLCZ)995850000000327392 100 $a20230711d2023 uy 0 101 0 $ager 135 $aur||||||||||| 181 $ctxt$2rdacontent 182 $cc$2rdamedia 183 $acr$2rdacarrier 200 10$aPetosiris-Nekropole von Tuna el-Gebel$hBand 2 $eDie Ha?usergruppen 1 und 2, die Su?dgruppe, Site Management am Grab des Petosiris und /$fKatja Lembke, Jenny H. Schlehofer, Silvia Prell 210 1$aBaden-Baden :$cErgon Verlag,$d2023. 215 $a1 online resource (439 pages) 225 0 $aIdentita?t und Alterita?t ;$vBand 1 311 $a3-9874000-1-3 330 $aDie Petosiris-Nekropole in Tuna el-Gebel ist einer der gro?฿ten Friedho?fe ro?mischer Zeit in A?gypten und geho?rte zur ?metropolis? Hermopolis Magna. In diesem Band werden neue archa?ologische und bauhistorische Forschungsergebnisse zu den Grabbauten der Ha?usergruppen 1 und 2, dem Site Management und den Dachentwa?sserungstechniken vorgelegt. Sie liefern umfangreiche Erkenntnisse zu Bauweisen, Bestattungssitten und Jenseitsvorstellungen in einer multikulturellen Gesellschaft. Erstmals werden zahlreiche dekorierte Grabbauten umfassend publiziert und kommentiert. Dieser Band entstand im Rahmen des DFG-Forschungsprojekts Feiern mit den Toten. Raumkonzepte und Bestattungsrituale in der Petosiris-Nekropole von Tuna el-Gebel/A?gypten.00Mit Beitra?gen von Hussein Mohamed Ali, Ca?cilia Fluck, Jana Helmbold-Doye?, Heidi Ko?pp-Junk, Katja Lembke, Timo Meyer, Martina Minas-Nerpel, Stefan Pfeiffer, Silvia Prell und Christine Wilkening-Aumann. 606 $aExcavation 615 0$aExcavation. 676 $a624.152 700 $aLembke$b Katja$01156954 702 $aPrell$b Silvia 702 $aSchlehofer$b Jenny H. 801 0$bNjHacI 801 1$bNjHacl 906 $aBOOK 912 $a996540313203316 996 $aPetosiris-Nekropole von Tuna el-Gebel$93399787 997 $aUNISA